000 00436nam a2200181Ia 4500
001 10696
005 20260306161851.0
008 260306t1996||||xx |||||||||||||| ||spa||
041 _aESP
082 _a946.081
_bM19
100 _aMalefakis, Edward (dir.)
_eAUT
245 0 _aLa guerra de España (1936-1939)
260 _c1996
300 _a679 páginas :
_c22 cm.
650 _aGEN
654 _aCHU
942 _cLIB
_dJUS
_fJUS
_2ddc
_n
999 _c10696
_d10696